| 000 | 00671nam a2200181Ia 4500 | ||
|---|---|---|---|
| 008 | 100921s9999 xx 000 0 und d | ||
| 082 |
_b11771 _a891.468 थ 73 |
||
| 100 | _aभावे पुरूषोत्तम भास्कर. | ||
| 245 | _aविट्ठला पांडुरंगा. | ||
| 260 |
_bमेनका प्रकाशन,पुणे. _c1973 |
||
| 300 |
_a157 _b--- |
||
| 365 | _b8 | ||
| 520 | _aललित-संकीर्ण. | ||
| 630 | _aविट्ठला पांडुरंगा. | ||
| 650 | _aललित-संकीर्ण. | ||
| 730 | _aविट्ठला पांडुरंगा. | ||
| 942 | _cBOOK | ||
| 999 |
_c760884 _d760881 |
||